Normal view
MARC view
- México
Entry Nombre Geográfico
001 - NÚMERO DE CONTROL
- campo de control: 51481
003 - IDENTIFICADOR DE NUMERO DE CONTROL
- campo de control: UPN
005 - FECHA Y HORA DE LA ÜLTIMA TRANSACCIÓN
- campo de control: 20240410092330.0
008 - DATOS DE LONGITUD FIJA
- campo de control de longitud fija: 240410|| acn||aabn | a|a d
040 ## - FUENTE DE CATALOGACIÓN
- Agencia de catalogación original: MX-MxUPN
- Lenguaje de catalogación: spa
- Agencia de transcripción: MX-MxUPN
151 ## - ENCABEZAMIENTO - NOMBRE GEOGRÁFICO
- Nombre geográfico: México
- Subdivisión general : Historia
- Subdivisión cronológica : Incidente de Antón Lizardo, 1860
670 ## - FUENTE EN LA QUE SE LOCALIZARON DATOS
- Cita de la fuente: Autoridades BNM, 2024:
- Información localizada: (México -- Historia -- Incidente de Antón Lizardo, 1860)
902 ## - CATALOGADOR
- Catalogador: MaríaRobles/100424
